AH International Schools' Libraries

The gray man / (Record no. 47887)

MARC details
000 -LEADER
fixed length control field 01170cam a2200193 i 4500
001 - CONTROL NUMBER
control field 23068615
020 ## - INTERNATIONAL STANDARD BOOK NUMBER
International Standard Book Number 9780593547588
Qualifying information (paperback)
100 1# - MAIN ENTRY--PERSONAL NAME
Personal name Greaney, Mark,
Relator term author.
9 (RLIN) 81892
245 14 - TITLE STATEMENT
Title The gray man /
Statement of responsibility, etc Mark Greaney.
260 ## - PUBLICATION, DISTRIBUTION, ETC. (IMPRINT)
Place of publication, distribution, etc New York:
Name of publisher, distributor, etc Berkley;
Date of publication, distribution, etc 2009.
300 ## - PHYSICAL DESCRIPTION
Extent 388 pages ;
Dimensions 20 cm.
490 1# - SERIES STATEMENT
Series statement A Gray man novel ;
Volume number/sequential designation 1
500 ## - GENERAL NOTE
General note "A Netflix film."
500 ## - GENERAL NOTE
General note Excerpt from novel "Relentless" (pages [373] -388).
520 ## - SUMMARY, ETC.
Summary, etc "To those who lurk in the shadows, he's known as the Gray Man. He is a legend in the covert realm, moving silently from job to job, accomplishing the impossible and then fading away. And he always hits his target. Always. But there are forces more lethal than Gentry in the world. Forces like money. And power. And there are men who hold these as the only currency worth fighting for. And in their eyes, Gentry has just outlived his usefulness. But Court Gentry is going to prove that, for him, there's no gray area between killing for a living and killing to stay alive."--
650 #0 - SUBJECT ADDED ENTRY--TOPICAL TERM
Topical term or geographic name as entry element Hostages. Rescues. Undercover operations.
Form subdivision Fiction.
9 (RLIN) 85695
655 ## - INDEX TERM--GENRE/FORM
Genre/form data or focus term Thriller. Mystery.
9 (RLIN) 84432
942 ## - ADDED ENTRY ELEMENTS (KOHA)
Source of classification or shelving scheme
Koha item type YA FIC BOOKS
Holdings
Withdrawn status Lost status Source of classification or shelving scheme Damaged status Not for loan Collection code Home library Current library Date acquired Full call number Barcode Date last seen Price effective from Koha item type
          SECONDARY Asian Hope Secondary Library Asian Hope Secondary Library 11/20/2024 YA FIC GRE 206671 01/16/2026 11/20/2024 YA FIC BOOKS

For any Logos Library related questions please contact Miss Art at swongnarasuk@asianhope.org.

For any Asian Hope Library related questions please contact Miss Raza at graza@asianhope.org.

Powered by Koha